000
00329nam a2200133Ia 4500
005
20251222143118.0
008
251222s9999||||xx |||||||||||||| ||spa||
020
_a
84-7490-076-X
082
_a
231/G51/2005
100
_a
Giussani, Luigi
245
0
_a
El Sentido de Dios y El Hombre Moderno
264
_b
Encuentro
942
_c
LIB
999
_c
11424
_d
11424